Sector Baquedano: lugar de aguas intranquilas
Guardat en:
| Autor principal: | |
|---|---|
| Format: | Llibre |
| Idioma: | espanyol |
| Publicat: |
Santiago
LOM
2016
|
| Edició: | 1a. ed |
| Matèries: | |
| Etiquetes: |
Afegir etiqueta
Sense etiquetes, Sigues el primer a etiquetar aquest registre!
|
MARC
| LEADER | 00000cam a2200000 a 4500 | ||
|---|---|---|---|
| 001 | UCD8275 | ||
| 003 | CL-VaPUC | ||
| 008 | 170508e20160000cl |||||||||||||||||spa|d | ||
| 020 | |a 9789567052134 | ||
| 082 | 0 | 4 | |a 303.485 |b BEN |2 21 |
| 100 | 0 | |a Benz Elgueta, Viviana Elizabeth |e author |9 592028 | |
| 245 | 1 | 0 | |a Sector Baquedano: lugar de aguas intranquilas |
| 250 | |a 1a. ed | ||
| 300 | |a 132 p | ||
| 942 | |c BK | ||
| 945 | |d 20170508 01:31:00 |a arojas | ||
| 260 | |a Santiago |b LOM |c 2016 | ||
| 650 | 0 | |a Terremotos |9 267728 | |
| 650 | 0 | |a Maremotos |9 343097 | |
| 650 | 0 | |a Desastres naturales |9 269276 | |
| 650 | 0 | |a Sismología |9 268106 | |
| 651 | 7 | |a CHILE |2 CL-VaPUC |9 592029 | |
| 583 | |a last modification |c 20170508 01:31:00 |k Rodrigo Vera | ||
| 999 | |c 367896 |d 367894 | ||
| 952 | |0 0 |1 0 |3 erb |4 0 |6 303_485000000000000_BEN_2016 |7 0 |8 A |9 483067 |a BIBHIS |b BIBHIS |i 5390885 |o 303.485 BEN 2016 |p 5390885 |r 2025-01-20 |w 2019-11-24 |y BK |z Catalogado en:20170508 |k HIS | ||